00996 2200325 4500001002100000005001500021035002000036007000300056008004100059020002200100040002200122082001500144084001700159090002200176100003200198245010300230250003600333300004000369650002000409700002800429700002600457504002500483264003200508336002100540337003000561338002300591999002200614850001200636990002200648INLIS00000000090080320251203032747 a0010-1125000063ta251121s2025 yoi g ind d a978-634-01-1396-6 aYOPDYOGbinderda04223a401.41 a401.41 BAM a aCB-D.11 2025-35000 aBambang Wibisonoepengarang10aAnalisis wacana :bkonsep dan aplikasinya /cBambang Wibisono, Edy Hariyadi; penyunting, Aditya T. aCetakan Pertama, September 2025 aviii, 141 halaman :btabel ;c23 cm 4aAnalisis wacana0 aEdy Hariyadiepengarang0 aAditya T.epenyunting aTermasuk bibliografi31aSleman :bDeepublish,c2025 2rdacontentateks 2rdamediaatanpa perantara 2rdacarrieravolume aCB-D.11/2025-3500 aYOPDYOG aCB-D.11/2025-3500